[Event "Team Russia"]
[Site "Petergof"]
[Date "2015.08.07"]
[Round "7.50"]
[White "Kuzmin, Egor"]
[Black "Shugalei, Mikhail"]
[Result "1-0"]
[WhiteElo "2290"]
[BlackElo "1692"]
[PlyCount "135"]
[EventDate "2015.08.??"]
[EventType "team-swiss"]

1. c4 c5 2. Nf3 Nf6 3. g3 g6 4. Bg2 Bg7 5. O-O O-O 6. Nc3 d6 7. a3 a5 8. Rb1
Nc6 9. d3 Bf5 10. h3 Qc8 11. Kh2 Nd7 12. Nd5 Be6 13. Bg5 f6 14. Bd2 Bxd5 15.
cxd5 Nce5 16. Ne1 Nf7 17. Nc2 a4 18. d4 b6 19. Bc3 f5 20. Qd3 Nf6 21. Rfc1 Ra7
22. Qb5 Qa6 23. Qxa6 Rxa6 24. b4 axb3 25. Rxb3 Ng5 26. dxc5 bxc5 27. Bxf6 Bxf6
28. f4 Ne4 29. Bxe4 fxe4 30. Ne3 Bd4 31. Nc4 Bg7 32. e3 Rfa8 33. Kg2 Kf7 34.
Rbb1 R6a7 35. g4 e6 36. Rd1 exd5 37. Rxd5 Ke6 38. Rd2 Rd7 39. Rbd1 Bf6 40. f5+
gxf5 41. gxf5+ Kxf5 42. Nxd6+ Ke6 43. Nxe4 Rxd2+ 44. Rxd2 Be7 45. Ra2 c4 46. a4
Kd5 47. Nc3+ Kc5 48. Rb2 Re8 49. Rb5+ Kc6 50. Kf3 Bc5 51. Ne4 Re5 52. Rb2 Rf5+
53. Ke2 Rh5 54. Nxc5 Rxc5 55. Rb4 Kd5 56. Kd2 h5 57. Kc3 Rc8 58. a5 Rc6 59. e4+
Kxe4 60. Rxc4+ Kd5 61. Rxc6 Kxc6 62. Kd4 Kb5 63. Ke5 Kxa5 64. Kf5 Kb5 65. Kg5
Kc6 66. Kxh5 Kd7 67. Kg6 Ke7 68. Kg7 1-0

[Event "Team Russia"]
[Site "Petergof"]
[Date "2015.08.07"]
[Round "7.52"]
[White "Vorobyova, Ekaterina"]
[Black "Zavgorodniaya, Alena"]
[Result "0-1"]
[WhiteElo "1673"]
[BlackElo "1988"]
[PlyCount "72"]
[EventDate "2015.08.??"]
[EventType "team-swiss"]

1. e4 e5 2. Nf3 Nc6 3. d4 exd4 4. Nxd4 Nf6 5. Nc3 Bb4 6. Nxc6 bxc6 7. Bd3 O-O
8. O-O d5 9. exd5 cxd5 10. Bg5 c6 11. Qf3 Bd6 12. Rfe1 Rb8 13. Rab1 Be6 14. h3
h6 15. Bf4 c5 16. Bxd6 Qxd6 17. Bf5 Rb4 18. Bxe6 fxe6 19. Qd3 Rf4 20. Re2 c4
21. Qd2 Nh7 22. Rbe1 Ng5 23. b3 cxb3 24. axb3 Rh4 25. Ne4 Nxe4 26. Rxe4 Rxf2
27. Qxf2 Rxe4 28. Rd1 a5 29. c4 d4 30. Qf3 Qe5 31. Qd3 Re3 32. Qxd4 Re1+ 33.
Kf2 Qe2+ 34. Kg3 Rxd1 35. Qf4 Rd2 36. Qf3 Rd3 0-1

[Event "Team Russia"]
[Site "Petergof"]
[Date "2015.08.07"]
[Round "7.53"]
[White "Sinyanskiy, Maxim"]
[Black "Zaozerskih, Sergey"]
[Result "1/2-1/2"]
[WhiteElo "2102"]
[BlackElo "1902"]
[PlyCount "122"]
[EventDate "2015.08.??"]
[EventType "team-swiss"]

1. c4 e5 2. d3 Nc6 3. e3 g6 4. Nc3 Bg7 5. g3 Nge7 6. Bg2 O-O 7. Nge2 d6 8. O-O
f5 9. Rb1 Be6 10. Nd5 Bf7 11. Nxe7+ Qxe7 12. Qc2 g5 13. f4 exf4 14. gxf4 g4 15.
b4 Nd8 16. Bd2 c6 17. Rbe1 Ne6 18. Bc3 Rad8 19. d4 Nc7 20. Ng3 Bxc4 21. Nxf5
Rxf5 22. Qxf5 Bxf1 23. Bxf1 Qd7 24. Qh5 Ne8 25. Bd3 Nf6 26. Qg5 d5 27. Bf5 Qf7
28. Bxg4 Re8 29. Bf3 Qg6 30. Qxg6 hxg6 31. Kf2 Ne4+ 32. Bxe4 Rxe4 33. Bd2 Kf7
34. Rb1 a6 35. h4 Kf6 36. Rh1 Re8 37. Kf3 Kf5 38. Be1 Rh8 39. Bf2 Bf6 40. Kg3
Be7 41. a3 Bf6 42. Kh3 Be7 43. Rc1 Rc8 44. Rc2 Ra8 45. Rb2 Rc8 46. Rb3 b5 47.
Rc3 Rc7 48. Kg3 Rc8 49. e4+ dxe4 50. d5 Rh8 51. dxc6 Bxh4+ 52. Kg2 Bxf2 53.
Kxf2 Kxf4 54. c7 Rc8 55. Rc5 g5 56. Rc6 g4 57. Ke2 e3 58. a4 bxa4 59. Rc4+ Ke5
60. Kxe3 a3 61. Rc2 Kd5 1/2-1/2

[Event "Team Russia"]
[Site "Petergof"]
[Date "2015.08.07"]
[Round "7.54"]
[White "Bregman, Ilya"]
[Black "Stasenko, Alexey"]
[Result "0-1"]
[WhiteElo "1695"]
[BlackElo "2092"]
[PlyCount "108"]
[EventDate "2015.08.??"]
[EventType "team-swiss"]

1. d4 Nf6 2. c4 e6 3. Nc3 c5 4. d5 exd5 5. cxd5 d6 6. e4 g6 7. Bg5 Bg7 8. g3 a6
9. a4 O-O 10. Bg2 Qa5 11. Nge2 Qb4 12. Qc2 Nbd7 13. O-O Ne5 14. f4 Nc4 15. e5
Ng4 16. Na2 Qxb2 17. Qxb2 Nxb2 18. Be7 Re8 19. Bxd6 Nxa4 20. Nac3 Nxc3 21. Nxc3
Ne3 22. Rfb1 Nxg2 23. Kxg2 c4 24. Nb5 Bf5 25. Nc7 Bxb1 26. Rxb1 b5 27. Bb4 Red8
28. Be7 Bf8 29. Bxd8 Rxd8 30. d6 Bxd6 31. exd6 Rxd6 32. Ra1 b4 33. Nxa6 b3 34.
Nb4 c3 35. Kf3 Rd4 36. Nc6 Rd2 37. Ke3 Ra2 38. Re1 b2 39. Kd3 Ra1 40. Kxc3 Rxe1
41. Kxb2 Re2+ 42. Kc3 Rxh2 43. Kd4 Rg2 44. g4 Rxg4 45. Ke3 f5 46. Kf3 Rg1 47.
Ne5 Kg7 48. Kf2 Ra1 49. Kg3 h6 50. Kh4 Ra4 51. Kg3 g5 52. fxg5 hxg5 53. Nf3 Ra3
54. Kf2 Rxf3+ 0-1

[Event "Team Russia"]
[Site "Petergof"]
[Date "2015.08.07"]
[Round "7.55"]
[White "Reshetnikov, Ruslan"]
[Black "Plaksin, Daniil"]
[Result "1-0"]
[WhiteElo "2149"]
[BlackElo "1627"]
[PlyCount "113"]
[EventDate "2015.08.??"]
[EventType "team-swiss"]

1. d4 f5 2. Bg5 Nf6 3. Bxf6 exf6 4. e3 Be7 5. Bd3 d5 6. Qf3 g6 7. h4 Kf7 8. h5
c6 9. Ne2 Bd6 10. Nd2 Be6 11. Nf4 Bxf4 12. Qxf4 Nd7 13. O-O-O Qb8 14. Qh4 Kg7
15. f3 Qd6 16. g4 f4 17. Qh2 g5 18. exf4 Qxf4 19. Qxf4 gxf4 20. Nb1 h6 21. Nc3
f5 22. gxf5 Bf7 23. Ne2 Kf6 24. Nxf4 Rae8 25. Kd2 Rhg8 26. Ng6 c5 27. Bb5 Rd8
28. Bxd7 Rxd7 29. Ne5 Rc7 30. Ng4+ Kg5 31. dxc5 Rh8 32. Ne5 Kxf5 33. Nd3 Rg8
34. Rde1 Rg2+ 35. Re2 Rg3 36. Ne5 Kf6 37. Rh4 Rg5 38. Rf4+ Kg7 39. Rxf7+ Rxf7
40. Nxf7 Kxf7 41. Rh2 Kf6 42. Ke3 Rf5 43. b4 Ke5 44. c3 Rf4 45. Rg2 Rc4 46. Kd3
Rf4 47. Rg7 Rxf3+ 48. Kc2 Rh3 49. Rxb7 Rxh5 50. Rxa7 Rh2+ 51. Kb3 h5 52. b5 Rh1
53. b6 Ke6 54. Rh7 h4 55. b7 Rb1+ 56. Kc2 Rb5 57. a4 1-0

[Event "Team Russia"]
[Site "Petergof"]
[Date "2015.08.07"]
[Round "7.56"]
[White "Parsegyan, Kseniya"]
[Black "Zajtzeva, Viktoria"]
[Result "1/2-1/2"]
[WhiteElo "1549"]
[BlackElo "1944"]
[PlyCount "167"]
[EventDate "2015.08.??"]
[EventType "team-swiss"]

1. d4 Nf6 2. c4 g6 3. Nc3 Bg7 4. e4 d6 5. Be2 O-O 6. Bg5 Nbd7 7. Qd2 e5 8. d5
a5 9. g4 Nc5 10. f3 h6 11. Bxh6 Nfxe4 12. Nxe4 Qh4+ 13. Kf1 Nxe4 14. fxe4 Bxh6
15. Qe1 Qg5 16. h3 Qf4+ 17. Bf3 f5 18. exf5 gxf5 19. Qf2 fxg4 20. hxg4 e4 21.
Qh4 exf3 22. Qxh6 Qxc4+ 23. Ke1 f2+ 24. Kd2 Qxd5+ 25. Kc3 Qe5+ 26. Kd2 Qf4+ 27.
Qxf4 Rxf4 28. Nh3 Rxg4 29. Nxf2 Rg2 30. Rhg1 Rxg1 31. Rxg1+ Kf7 32. Rh1 Bf5 33.
Ke3 Re8+ 34. Kd2 Re5 35. Rf1 Kg6 36. Kc3 Rc5+ 37. Kb3 Bc2+ 38. Ka3 b5 39. b3 a4
40. Rc1 axb3 41. axb3 Bf5 42. Rxc5 dxc5 43. Nd1 Kf6 44. b4 c4 45. Kb2 Ke5 46.
Kc3 Bd3 47. Ne3 Be2 48. Nc2 Bh5 49. Nd4 Be8 50. Nf3+ Kf4 51. Nd4 Bd7 52. Ne2+
Ke3 53. Nd4 Kf2 54. Nc2 Kf3 55. Nd4+ Ke4 56. Nc2 Kd5 57. Ne3+ Ke5 58. Nc2 c6
59. Ne3 Be6 60. Nc2 Bf7 61. Ne3 Bg6 62. Nd1 Be4 63. Ne3 Bf3 64. Nc2 Kd5 65.
Ne3+ Ke4 66. Nc2 Bd1 67. Na3 Kd5 68. Kd2 Ba4 69. Kc3 c5 70. Nb1 Bd1 71. Nd2
cxb4+ 72. Kxb4 Kd4 73. Nb1 Ba4 74. Nc3 Kd3 75. Nd5 Kc2 76. Nc3 Kd2 77. Nd5 Kd3
78. Nc3 Kd4 79. Ne2+ Kd5 80. Nc3+ Kc6 81. Nxa4 bxa4 82. Kxc4 a3 83. Kb3 a2 84.
Kxa2 1/2-1/2

[Event "Team Russia"]
[Site "Petergof"]
[Date "2015.08.08"]
[Round "8.1"]
[White "Alekseenko, Kirill"]
[Black "Zenzera, Alexey"]
[Result "1-0"]
[WhiteElo "2540"]
[BlackElo "2446"]
[PlyCount "187"]
[EventDate "2015.08.??"]
[EventType "team-swiss"]
[WhiteClock "0:11:48"]
[BlackClock "0:04:42"]

1. e4 c6 2. d4 d5 3. e5 Bf5 4. h4 h5 5. Ne2 Bg4 6. c4 dxc4 7. Nbc3 e6 8. Bg5
Qb6 9. Qd2 Bxe2 10. Bxe2 Ne7 11. O-O Nd7 12. Bxc4 Nd5 13. a3 Qc7 14. Nxd5 exd5
15. Bd3 Nb6 16. Rae1 Be7 17. Bf6 O-O-O 18. Bxg7 Rhg8 19. Qh6 Bf8 20. Bxf8 Rdxf8
21. Qxh5 Qe7 22. g3 Na8 23. Bh7 Rh8 24. Bf5+ Kd8 25. Qg5 Nc7 26. Qxe7+ Kxe7 27.
f4 Rfg8 28. Kf2 Rh5 29. Bh3 Ne6 30. Rd1 Nxf4 31. gxf4 Rxh4 32. Bg2 Rxf4+ 33.
Bf3 f6 34. exf6+ Rxf6 35. Rg1 Rgf8 36. Rg7+ Kd6 37. Rd3 R8f7 38. Rxf7 Rxf7 39.
Rd1 a5 40. Rh1 Re7 41. Rh5 Kc7 42. Re5 Rh7 43. Ke3 Rf7 44. Bh5 Rg7 45. Rf5 Rg2
46. Rf7+ Kb6 47. Be2 Rg1 48. Kd2 Rg2 49. Re7 Rg3 50. Bd3 Rg4 51. Kc3 Rg3 52.
Kc2 Rg2+ 53. Kc3 Rg3 54. Rf7 Ka7 55. Rf1 Rh3 56. Rb1 Rg3 57. Rd1 Rh3 58. Rf1
Rg3 59. Kd2 Rg2+ 60. Be2 Rg3 61. Rf3 Rg2 62. Re3 Rh2 63. Kc3 Rg2 64. Bf1 Rg1
65. Rf3 Rg4 66. Bh3 Rh4 67. Bf5 Kb6 68. a4 Ka7 69. Bd3 Kb6 70. Rf1 Kc7 71. Rb1
Rh8 72. b4 axb4+ 73. Kxb4 Rh3 74. Bf1 Rh2 75. Bd3 Rh3 76. Kc3 Rh2 77. Rg1 Kb6
78. Rg7 Rh3 79. Rf7 Rg3 80. Rh7 Rf3 81. Rh8 Rg3 82. Ra8 Rg1 83. a5+ Kc7 84. Bf5
Rc1+ 85. Kd2 Rf1 86. Bh3 Ra1 87. Bg4 Ra4 88. Ke3 Kd6 89. Bf5 c5 90. Rd8+ Kc7
91. Rc8+ Kd6 92. Rxc5 b6 93. axb6 Rb4 94. b7 1-0

[Event "Team Russia"]
[Site "Petergof"]
[Date "2015.08.08"]
[Round "8.2"]
[White "Timerkhanov, Alexander"]
[Black "Lobanov, Sergei"]
[Result "1-0"]
[WhiteElo "2302"]
[BlackElo "2377"]
[PlyCount "109"]
[EventDate "2015.08.??"]
[EventType "team-swiss"]
[WhiteClock "0:21:24"]
[BlackClock "0:08:54"]

1. d4 Nf6 2. Bg5 Ne4 3. Bf4 d5 4. e3 e6 5. Bd3 c5 6. Bxe4 dxe4 7. Nc3 cxd4 8.
Qxd4 Qxd4 9. exd4 Bb4 10. Nge2 Nc6 11. O-O-O f5 12. Nb5 Ba5 13. Nd6+ Ke7 14.
Nc4 h6 15. h4 Rd8 16. Nxa5 Nxa5 17. Bc7 Rd5 18. Nc3 Nc4 19. Nxd5+ exd5 20. b3
Nd6 21. Bxd6+ Kxd6 22. c4 f4 23. c5+ Ke7 24. g3 Bg4 25. Rde1 h5 26. f3 Bxf3 27.
Rhf1 Kd7 28. gxf4 Rf8 29. Rg1 Bg4 30. Kd2 Rxf4 31. Ref1 e3+ 32. Kxe3 Re4+ 33.
Kd2 Rxd4+ 34. Kc3 Re4 35. Re1 d4+ 36. Kd2 Rf4 37. Rgf1 Rf5 38. Rxf5 Bxf5 39.
Re5 g6 40. Rd5+ Kc6 41. Rxd4 Kxc5 42. Rc4+ Kd6 43. Ke3 a5 44. a3 Be6 45. Rd4+
Kc5 46. Rd3 Bf5 47. Rc3+ Kd5 48. Rc7 b6 49. Kf4 Kd6 50. Rc3 Kd5 51. Kg5 b5 52.
Rc7 a4 53. b4 Kd4 54. Rc6 Be4 55. Rxg6 1-0

[Event "Team Russia"]
[Site "Petergof"]
[Date "2015.08.08"]
[Round "8.3"]
[White "Pershin, Denis"]
[Black "Askerov, Marat"]
[Result "1-0"]
[WhiteElo "2278"]
[BlackElo "2194"]
[PlyCount "88"]
[EventDate "2015.08.??"]
[EventType "team-swiss"]
[WhiteClock "0:07:31"]
[BlackClock "0:00:56"]

1. e4 c6 2. d4 d5 3. e5 Bf5 4. h4 h5 5. Bd3 Bxd3 6. Qxd3 e6 7. Bg5 Qb6 8. Nd2
Ne7 9. Ngf3 Nf5 10. O-O Nd7 11. c4 dxc4 12. Nxc4 Qa6 13. Nfd2 Nb6 14. a3 Be7
15. Rac1 Rd8 16. Ne4 Rxd4 17. Ncd6+ Bxd6 18. Nxd6+ Kd7 19. Qxa6 bxa6 20. Be3
Rxh4 21. Rfd1 Nd5 22. Nxf7 Rf8 23. Ng5 Nfxe3 24. fxe3 Rf5 25. Nf3 Re4 26. Rc5
h4 27. Kh2 g5 28. Rd3 h3 29. Nd2 Rh4 30. gxh3 Kc7 31. Kg3 Rf7 32. Nf3 Rh5 33.
Kg4 Rxh3 34. Kxh3 Rxf3+ 35. Kg4 Rf5 36. Rdxd5 Kb6 37. Rxc6+ Kxc6 38. Rd6+ Kc7
39. Rxe6 Rf2 40. Rxa6 Kb7 41. Ra4 Rxb2 42. Rb4+ Rxb4+ 43. axb4 Kc6 44. Kxg5 Kd5
1-0

[Event "Team Russia"]
[Site "Petergof"]
[Date "2015.08.08"]
[Round "8.4"]
[White "Styazhkina, Anna"]
[Black "Kiseleva, Arina"]
[Result "1-0"]
[WhiteElo "2262"]
[BlackElo "2038"]
[PlyCount "59"]
[EventDate "2015.08.??"]
[EventType "team-swiss"]
[WhiteClock "0:17:11"]
[BlackClock "0:15:54"]

1. e4 c5 2. Nf3 d6 3. d4 Nf6 4. dxc5 Nxe4 5. cxd6 Nxd6 6. Nc3 Nc6 7. Bf4 Bf5 8.
Qd2 f6 9. Bxd6 Qxd6 10. Qxd6 exd6 11. O-O-O O-O-O 12. Nd4 Nxd4 13. Rxd4 Be6 14.
Bc4 Bxc4 15. Rxc4+ Kb8 16. Re1 d5 17. Rd1 Bd6 18. Nxd5 Bxh2 19. g3 Rhe8 20. Rf4
Re6 21. c4 Re2 22. Rh1 Rde8 23. Rxh2 Re1+ 24. Kc2 R8e2+ 25. Kd3 Rxb2 26. Rxh7
a6 27. Rxg7 Ree2 28. Rxf6 Rbd2+ 29. Kc3 Rxa2 30. Rb6 1-0

[Event "Team Russia"]
[Site "Petergof"]
[Date "2015.08.08"]
[Round "8.5"]
[White "Kruzhilin, Aleksey"]
[Black "Oparin, Grigoriy"]
[Result "0-1"]
[WhiteElo "2141"]
[BlackElo "2564"]
[PlyCount "124"]
[EventDate "2015.08.??"]
[EventType "team-swiss"]
[WhiteClock "0:02:24"]
[BlackClock "0:15:44"]

1. d4 Nf6 2. c4 c5 3. d5 b5 4. cxb5 a6 5. bxa6 g6 6. g3 d6 7. Bg2 Bg7 8. Nc3
O-O 9. Nf3 Nbd7 10. O-O Nb6 11. Rb1 Bf5 12. Ra1 Rxa6 13. Nh4 Bd7 14. Rb1 Na4
15. Bd2 Nxc3 16. Bxc3 Rxa2 17. b4 Qc8 18. bxc5 Qxc5 19. Bd4 Qc4 20. Rb7 Bg4 21.
Re1 Bxe2 22. Qb1 Bd3 23. Rc1 Bxb1 24. Rxc4 Bd3 25. Rc1 Re8 26. h3 h6 27. Rcc7
Kf8 28. Rb3 Rd2 29. Rc1 Bc2 30. Rb4 Rc8 31. Be3 Rd1+ 32. Rxd1 Bxd1 33. Rb5 Bc2
34. Nf3 Be4 35. Nd2 Bxg2 36. Kxg2 Nd7 37. Nb3 f5 38. Kf3 Rc3 39. Ke2 Rc2+ 40.
Kd3 Rb2 41. Kc4 Ne5+ 42. Kb4 Nd3+ 43. Ka3 Re2 44. Nd4 Bxd4 45. Bxd4 Nxf2 46.
Rb8+ Kf7 47. Rh8 Rd2 48. Rh7+ Ke8 49. Bb6 Ne4 50. Rxh6 Rxd5 51. Rxg6 Kf7 52.
Rh6 Rd3+ 53. Kb4 Rxg3 54. Bd4 e5 55. Bb6 Rg6 56. Rh5 Ke6 57. Rh8 f4 58. Kc4 d5+
59. Kd3 Rg3+ 60. Ke2 f3+ 61. Kf1 d4 62. Ba5 f2 0-1

[Event "Team Russia"]
[Site "Petergof"]
[Date "2015.08.08"]
[Round "8.6"]
[White "Zakhartsov, Vladimir"]
[Black "Karpenko, Artem"]
[Result "1-0"]
[WhiteElo "2453"]
[BlackElo "2276"]
[PlyCount "67"]
[EventDate "2015.08.??"]
[EventType "team-swiss"]
[WhiteClock "0:18:37"]
[BlackClock "0:00:41"]

1. d4 d5 2. c4 c6 3. Nc3 dxc4 4. e3 b5 5. Nxb5 cxb5 6. Qf3 Qc7 7. Qxa8 Bb7 8.
Qxa7 e5 9. Bxc4 bxc4 10. Nf3 exd4 11. Qxd4 Nf6 12. O-O Bxf3 13. gxf3 Bd6 14. f4
O-O 15. Qd1 Nbd7 16. Qf3 Re8 17. Rd1 Ne4 18. Bd2 Re6 19. h3 Rg6+ 20. Kh2 f5 21.
Rg1 Rh6 22. Bc3 Ndf6 23. Bxf6 Rxf6 24. Rad1 Qf7 25. Rd4 Rh6 26. Qe2 Bc5 27.
Rxc4 Rd6 28. Rc2 Qd7 29. f3 Bxe3 30. Qxe3 Rd3 31. Qc1 Rd2+ 32. Rxd2 Nxd2 33.
Qc3 g6 34. Rd1 1-0

[Event "Team Russia"]
[Site "Petergof"]
[Date "2015.08.08"]
[Round "8.7"]
[White "Guliev, Gasan"]
[Black "Vavulin, Maksim"]
[Result "0-1"]
[WhiteElo "2053"]
[BlackElo "2435"]
[PlyCount "80"]
[EventDate "2015.08.??"]
[EventType "team-swiss"]
[WhiteClock "0:10:27"]
[BlackClock "0:18:12"]

1. d4 g6 2. c4 Bg7 3. Nf3 c5 4. d5 d6 5. g3 e6 6. Nc3 Nf6 7. Bg2 exd5 8. cxd5
O-O 9. O-O Re8 10. Bf4 a6 11. a4 b6 12. Re1 Nh5 13. Bg5 Qc7 14. Qd2 Nd7 15. Bh6
Bh8 16. Rac1 Qb8 17. Qc2 b5 18. b3 Qb6 19. h3 c4 20. g4 cxb3 21. Qxb3 Nc5 22.
Qb4 Nf6 23. axb5 Bd7 24. Nd2 axb5 25. Nc4 Qa6 26. Ne3 Rec8 27. Bg5 Ne8 28. Ra1
Qxa1 29. Rxa1 Rxa1+ 30. Kh2 Na6 31. Qe4 Rxc3 32. Qe7 Nc5 33. Bh6 Bg7 34. Bxg7
Kxg7 35. Bf3 b4 36. g5 b3 37. Ng4 Bxg4 38. Bxg4 b2 39. Be6 Nxe6 40. dxe6 Rc7
0-1

[Event "Team Russia"]
[Site "Petergof"]
[Date "2015.08.08"]
[Round "8.8"]
[White "Kisteneva, Liza"]
[Black "Protopopova, Anastasiya"]
[Result "0-1"]
[WhiteElo "2069"]
[BlackElo "2177"]
[PlyCount "62"]
[EventDate "2015.08.??"]
[EventType "team-swiss"]
[WhiteClock "0:00:37"]
[BlackClock "0:06:25"]

1. e4 e5 2. Bc4 Nf6 3. d3 c6 4. Nf3 d5 5. Bb3 Bb4+ 6. Bd2 Bd6 7. exd5 cxd5 8.
Nc3 Be6 9. Bg5 Bc7 10. d4 e4 11. Bxf6 gxf6 12. Nd2 f5 13. Qh5 Nc6 14. g4 Nxd4
15. gxf5 Bxf5 16. Nxd5 Bg6 17. Ba4+ b5 18. Nxc7+ Qxc7 19. Bxb5+ Ke7 20. Qh4+ f6
21. Ba4 Qa5 22. c3 Qxa4 23. cxd4 Qxd4 24. Rd1 Rad8 25. Rg1 Kf7 26. Qh3 e3 27.
fxe3 Rhe8 28. Kf2 Qxb2 29. Ke1 Rd3 30. Rg3 Qc3 31. Ke2 Red8 0-1

[Event "Team Russia"]
[Site "Petergof"]
[Date "2015.08.08"]
[Round "8.9"]
[White "Savenkov, Konstantin"]
[Black "Kukhmazov, Arsen"]
[Result "1-0"]
[WhiteElo "2296"]
[BlackElo "2426"]
[PlyCount "61"]
[EventDate "2015.08.??"]
[EventType "team-swiss"]
[WhiteClock "0:26:41"]
[BlackClock "0:10:12"]

1. e4 c6 2. d4 d5 3. Nd2 dxe4 4. Nxe4 Bf5 5. Nc5 Nd7 6. Bd3 e6 7. Nxb7 Qc7 8.
Bxf5 exf5 9. Qe2+ Be7 10. Nc5 Nxc5 11. dxc5 Nf6 12. Nf3 O-O 13. Qc4 Ne4 14. Be3
Rab8 15. Rb1 Bf6 16. b4 Bc3+ 17. Kf1 a5 18. a3 axb4 19. axb4 Rb5 20. g3 Qb7 21.
Nd4 Bxd4 22. Qxd4 Rxc5 23. c4 Ra5 24. bxa5 Qxb1+ 25. Kg2 Qc2 26. Rc1 Qe2 27. a6
c5 28. Qd1 Qa2 29. Ra1 Qxc4 30. a7 Nc3 31. Qf3 1-0

[Event "Team Russia"]
[Site "Petergof"]
[Date "2015.08.08"]
[Round "8.10"]
[White "Afanasiev, Nikita"]
[Black "Yeletsky, Ivan"]
[Result "0-1"]
[WhiteElo "2281"]
[BlackElo "2338"]
[PlyCount "95"]
[EventDate "2015.08.??"]
[EventType "team-swiss"]
[WhiteClock "0:02:12"]
[BlackClock "0:01:31"]

1. g3 d5 2. Bg2 c6 3. Nf3 Bg4 4. h3 Bh5 5. O-O Nd7 6. d3 e6 7. Qe1 Bd6 8. e4
Ne7 9. Nbd2 O-O 10. Nh4 e5 11. Ndf3 f6 12. Nh2 Qc7 13. Ng4 Rae8 14. Ne3 dxe4
15. dxe4 b5 16. a4 a6 17. Bd2 Bc5 18. axb5 axb5 19. Bb4 Ra8 20. Bxc5 Nxc5 21.
Qb4 Ne6 22. c3 Rfd8 23. Nhf5 Rxa1 24. Nxe7+ Kf7 25. Rxa1 Qxe7 26. Qb3 Kg8 27.
Nf5 Qd7 28. h4 Kh8 29. Qa3 Bf7 30. Qe7 h6 31. Ra7 Qxe7 32. Nxe7 Be8 33. b4 g6
34. Bh3 Ng7 35. Rc7 Rd6 36. h5 Nxh5 37. Rc8 Kg7 38. Bg4 Kf7 39. Rc7 Kf8 40.
Bxh5 gxh5 41. Nf5 Rd3 42. Rc8 Kf7 43. Nxh6+ Ke7 44. Nf5+ Kd7 45. Ra8 Bg6 46.
Ra7+ Kd8 47. Ra8+ Kd7 48. Ra7+ 0-1

[Event "Team Russia"]
[Site "Petergof"]
[Date "2015.08.08"]
[Round "8.11"]
[White "Smirnov, Timofey"]
[Black "Maksimov, Dmitri"]
[Result "1/2-1/2"]
[WhiteElo "2297"]
[BlackElo "2307"]
[PlyCount "92"]
[EventDate "2015.08.??"]
[EventType "team-swiss"]
[WhiteClock "0:13:57"]
[BlackClock "0:07:46"]

1. e4 c5 2. Nf3 Nc6 3. d4 cxd4 4. Nxd4 e5 5. Nb5 a6 6. Nd6+ Bxd6 7. Qxd6 Qe7 8.
Qd1 Nf6 9. Nc3 d6 10. Bg5 Be6 11. Nd5 Bxd5 12. exd5 Nb8 13. c4 O-O 14. Be2 Nbd7
15. O-O h6 16. Be3 Nh7 17. f3 f5 18. Bd3 Rac8 19. Rc1 Ng5 20. b4 e4 21. fxe4
Nxe4 22. Bd4 Ne5 23. Qe2 Nxd3 24. Qxd3 Qf7 25. Bb2 Rc7 26. Qd4 Rfc8 27. Ba3 Qf6
28. Qxf6 Nxf6 29. c5 Nxd5 30. Rfd1 Nf6 31. Rxd6 Rc6 32. Rd3 b6 33. Rf1 bxc5 34.
bxc5 g6 35. Rb1 Ne4 36. Rb6 R8c7 37. Rxc6 Rxc6 38. Rb3 Rc7 39. Rb6 Kf7 40. c6
Ke6 41. Rxa6 Kd5 42. Bf8 h5 43. g3 g5 44. Ra5+ Ke6 45. Ra6 Kd5 46. Ra5+ Ke6
1/2-1/2

[Event "Team Russia"]
[Site "Petergof"]
[Date "2015.08.08"]
[Round "8.12"]
[White "Zakariadze, Irina"]
[Black "Borisova, Ekaterina"]
[Result "0-1"]
[WhiteElo "1822"]
[BlackElo "2004"]
[PlyCount "110"]
[EventDate "2015.08.??"]
[EventType "team-swiss"]
[WhiteClock "0:02:32"]
[BlackClock "0:16:39"]

1. d4 d5 2. Nf3 Nf6 3. Bg5 Ne4 4. Bh4 f6 5. e3 Be6 6. Nbd2 g5 7. Bg3 h5 8. h4
Nxg3 9. fxg3 g4 10. Ng1 Bh6 11. Qe2 c5 12. Nb3 Nd7 13. dxc5 Nxc5 14. Qb5+ Nd7
15. Nd4 Bf7 16. Nf5 Qb6 17. Qxb6 Nxb6 18. Bb5+ Kd8 19. Nxh6 Rxh6 20. Ne2 e5 21.
Nc3 Ke7 22. Rd1 Rd8 23. O-O Na8 24. Ba4 Nc7 25. Bb3 b5 26. a4 a6 27. axb5 axb5
28. Na2 Rd6 29. Nb4 Rh8 30. Ra1 Ra8 31. Rxa8 Nxa8 32. Rd1 Nb6 33. Kf2 Nc4 34.
Bxc4 bxc4 35. c3 Ke6 36. Ra1 Kf5 37. Ra7 Be8 38. Ra5 Ke4 39. Ke2 Bf7 40. Na6
Rb6 41. Nc5+ Kf5 42. Ra2 Rb5 43. Na6 d4 44. Nb4 d3+ 45. Kd2 Rxb4 46. cxb4 c3+
47. bxc3 Bxa2 48. Kxd3 Ke6 49. c4 Bb1+ 50. Kc3 Be4 51. b5 Kd6 52. Kb4 Bxg2 53.
c5+ Kc7 54. Ka5 f5 55. Ka6 Bb7+ 0-1

[Event "Team Russia"]
[Site "Petergof"]
[Date "2015.08.08"]
[Round "8.13"]
[White "Triapishko, Olexandr"]
[Black "Drygalov, Andrey"]
[Result "1-0"]
[WhiteElo "2459"]
[BlackElo "2309"]
[PlyCount "109"]
[EventDate "2015.08.??"]
[EventType "team-swiss"]

1. e4 c5 2. Nf3 e6 3. d3 b6 4. g3 Bb7 5. Bg2 d6 6. O-O Nd7 7. Re1 Ngf6 8. Nbd2
Be7 9. c3 O-O 10. d4 cxd4 11. cxd4 Qc7 12. b3 b5 13. a4 b4 14. Bb2 Rac8 15. Rc1
Qb8 16. Bf1 Rxc1 17. Qxc1 d5 18. e5 Ne4 19. Qb1 f5 20. exf6 Ndxf6 21. Bh3 Qd6
22. Qd3 g5 23. Nxe4 dxe4 24. Qb5 Bd5 25. Nd2 Rc8 26. Nc4 Qd7 27. Qxd7 Nxd7 28.
f3 exf3 29. Rxe6 Kf8 30. Re3 Rc7 31. Bg4 Nf6 32. Bxf3 Bxc4 33. bxc4 Rxc4 34.
Bd1 Rc7 35. Bb3 Nd7 36. a5 Bf6 37. Re6 Kg7 38. Kf2 Nb8 39. Ba4 Rc4 40. Bb3 Rc7
41. Ba4 Rc4 42. Bb3 Rc7 43. a6 Nc6 44. d5 Bxb2 45. dxc6 Bd4+ 46. Kf3 Bg1 47. h3
h5 48. Bd5 Bc5 49. Ke4 Bf2 50. Kf5 Bxg3 51. Rg6+ Kh7 52. Rxg5 h4 53. Kf6 Kh6
54. Rg8 Bf4 55. Be4 1-0

[Event "Team Russia"]
[Site "Petergof"]
[Date "2015.08.08"]
[Round "8.14"]
[White "Drygalov, Sergey"]
[Black "Neznanov, Aleksandr"]
[Result "1-0"]
[WhiteElo "2362"]
[BlackElo "2058"]
[PlyCount "62"]
[EventDate "2015.08.??"]
[EventType "team-swiss"]

1. d4 d5 2. c4 e6 3. Nf3 Nf6 4. Nc3 Be7 5. g3 O-O 6. Bg2 dxc4 7. Ne5 c5 8. dxc5
Qc7 9. Nxc4 Bxc5 10. Qb3 Nc6 11. O-O h6 12. Be3 Bxe3 13. Nxe3 a6 14. Rac1 Bd7
15. Na4 Rad8 16. Rfd1 Bc8 17. Qb6 Rxd1+ 18. Rxd1 Qxb6 19. Nxb6 e5 20. Nbc4 e4
21. Nd6 Be6 22. Nxe4 Nxe4 23. Bxe4 Bxa2 24. Bxc6 bxc6 25. Rc1 Bd5 26. Ra1 Rb8
27. Rxa6 Bb3 28. f3 Kh7 29. Kf2 Rd8 30. Ra3 Be6 31. Rc3 Rd2 1-0

[Event "Team Russia"]
[Site "Petergof"]
[Date "2015.08.08"]
[Round "8.15"]
[White "Shemyakin, Valeriy"]
[Black "Salemgareev, Tagir"]
[Result "1/2-1/2"]
[WhiteElo "2091"]
[BlackElo "2050"]
[PlyCount "137"]
[EventDate "2015.08.??"]
[EventType "team-swiss"]

1. d4 Nf6 2. c4 e6 3. g3 Bb4+ 4. Bd2 Qe7 5. Bg2 Nc6 6. Nf3 Bxd2+ 7. Nbxd2 d6 8.
O-O a5 9. Rc1 e5 10. d5 Nb8 11. e4 h5 12. c5 Nbd7 13. cxd6 cxd6 14. Qc2 O-O 15.
Nc4 b5 16. Ne3 Nc5 17. Nd2 g6 18. Nb3 Nfd7 19. Nxc5 Nxc5 20. Rfd1 Bg4 21. Re1
Rfc8 22. Qd2 Qg5 23. f3 Bd7 24. Bf1 Qf6 25. Be2 h4 26. Ng2 hxg3 27. hxg3 Kg7
28. Qe3 Rh8 29. Kf2 Rh2 30. Rh1 Rah8 31. Rxh2 Rxh2 32. Rg1 g5 33. Ke1 Bh3 34.
Bf1 b4 35. g4 Bxg2 36. Rxg2 Rh1 37. b3 Qh6 38. Rf2 Qh4 39. Ke2 Kf6 40. Ke1 Qg3
41. Ke2 Qg1 42. Ke1 Rh4 43. Ke2 Rh2 44. Rxh2 Qxh2+ 45. Qf2 Qf4 46. Qe3 Ke7 47.
Kf2 Qh2+ 48. Bg2 Kf6 49. Qd2 Qh4+ 50. Kf1 Qg3 51. Qe3 Kg6 52. Qd2 Qh4 53. Qe1
Qh2 54. Qd2 Qg3 55. Qe3 Qf4 56. Kf2 Kf6 57. Bf1 Ke7 58. Qxf4 exf4 59. Bb5 Kf6
60. Ke2 Ke5 61. Be8 f6 62. Bb5 Kd4 63. Kd2 Nb7 64. Bc6 Nd8 65. Be8 Nb7 66. Bc6
Nc5 67. Bb5 Ke5 68. Ke2 Kd4 69. Kd2 1/2-1/2